Teoria de la música : grado elemental / por L.M. y F.A. grado elemental / por L.M. y F.A.
Descripción Física:
15 p. ; 21 cm
Otros Autores:
A. F.
Materias:
Música -- Teoria -- Ensenyament
MARC
| LEADER | 00000nam a2200000Ia 4500 | ||
|---|---|---|---|
| 001 | 14788 | ||
| 008 | 160829s1950 xx 000 0 cat d | ||
| 080 | |a FU-30-31 | ||
| 100 | |a M., L. |9 27416 | ||
| 245 | |a Teoria de la música : |b grado elemental / por L.M. y F.A. | ||
| 260 | |a Barcelona : |b Gráf. Marina, |c 1950 | ||
| 300 | |a 15 p. ; |c 21 cm | ||
| 650 | |a Música |x Teoria |x Ensenyament |9 27710 | ||
| 700 | |a A. F. |9 27711 | ||
| 856 | 4 | |u https://media.diba.cat/diba/fitxers/arxiu/fulletons/bib_14788_baixa.pdf |y Accés lliure | |
| 856 | 4 | |u https://media.diba.cat/diba/fitxers/arxiu/fulletons/bib_14788_baixa.pdf |y Accés lliure | |
| 901 | |a Arxiu | ||
| 942 | |n 1 |2 udc | ||
| 952 | |0 0 |1 0 |4 0 |6 FU3031 |7 1 |9 44517 |a Arxiu |b Arxiu |d 2016-12-01 |l 0 |o FU-30-31 |p 14788 |r 2016-12-01 00:00:00 |w 2016-12-01 |y ARXIU | ||
| 999 | |c 47098 |d 47098 | ||
| 900 | |a bib_14788_baixa.pdf | ||